Security environment at the turn of 20th and 21st century

Gespeichert in:
Bibliographische Detailangaben
1. Verfasser: Holas, Lukáš
Format: Buchkapitel
Sprache:Englisch
Tags: Tag hinzufügen
Keine Tags, Fügen Sie das erste Tag hinzu!

MARC

LEADER 00000naa$a2200000$$$4500
001 0183811
005 20240502083433.1
041 0 |a eng 
044 |a RU 
245 1 0 |a Security environment at the turn of 20th and 21st century  |c Lukáš Holas 
100 1 |a Holas, Lukáš